000
00315nam a2200109Ia 4500
008
200302s9999 xx 000 0 und d
100
_a
Maureen Mitton & Other
245
_a
Residential Interior Design A Guide to Planning spaces Basic Skills 2nd ed.,
260
_b
Wiley-Acdemy & Sons
260
_c
2011
300
_a
293
999
_c
3396
_d
3396